Zákon o nelegálnej práci a nelegálnom zamestnávaní a ďaľšie súvisiace zmeny

Zákon č. 82/2005 Z.z. o nelegálnej práci a nelegálnom zamestnávaní a o zmene a doplnení niektorých zákonov, ktorým sa taxatívne vymedzuje, čo sa rozumie nelegálnou prácou a nelegálnym zamestnávaním, nadobudol účinnosť 1. apríla 2005.

Salvato in:
Dettagli Bibliografici
Autore principale: Macková, Zuzana
Natura: Capitolo di libro
Lingua:slovacco
Soggetti:
Tags: Aggiungi Tag
Nessun Tag, puoi essere il primo ad aggiungerne!!

MARC

LEADER 00000naa$a2200000$$$4500
001 0029014
005 20231109113517.4
041 0 |a slo 
044 |a SK 
245 1 0 |a Zákon o nelegálnej práci a nelegálnom zamestnávaní a ďaľšie súvisiace zmeny  |c Zuzana Macková 
520 |a Zákon č. 82/2005 Z.z. o nelegálnej práci a nelegálnom zamestnávaní a o zmene a doplnení niektorých zákonov, ktorým sa taxatívne vymedzuje, čo sa rozumie nelegálnou prácou a nelegálnym zamestnávaním, nadobudol účinnosť 1. apríla 2005. 
610 2 0 |a Slovensko 
610 2 0 |a zamestnávatelia 
610 2 0 |a zákony 
610 2 0 |a práca nelegálna 
100 1 |a Macková, Zuzana